[Event "Las Tunas Province-ch"]
[Site "Las Tunas"]
[Date "2016.10.12"]
[Round "2"]
[White "Parra Cabrera, Edilmar"]
[Black "Parra, Emiliano"]
[Result "0-1"]
[WhiteElo "2210"]
[BlackElo "2169"]
[PlyCount "72"]
[EventDate "2016.10.19"]
[EventType "tourn"]
[EventRounds "10"]
[EventCountry "CUB"]
[SourceTitle "EXT 2023"]
[Source "ChessBase"]
[SourceDate "2022.10.05"]
[SourceVersion "1"]
[SourceVersionDate "2022.10.05"]
[SourceQuality "1"]

1. e4 d6 2. d4 g6 3. Nc3 Bg7 4. Be3 Nf6 5. f3 c6 6. Qd2 b5 7. 0-0-0 b4 8. Nce2 a5 9. Bh6 Bxh6 10. Qxh6 Qc7 11. g4 c5 12. dxc5 Qxc5 13. Kb1 a4 14. Qd2 Be6 15. Nd4 Bd7 16. g5 Nh5 17. Nde2 Nc6 18. Ng3 a3 19. b3 Nxg3 20. hxg3 Qe5 21. Qc1 Qxg3 22. Bb5 Qe5 23. Rd5 Qg7 24. Ne2 0-0 25. Nf4 Rfc8 26. Bxc6 Rxc6 27. Rd2 Be6 28. Nxe6 fxe6 29. Rdh2 h5 30. gxh6 Qf6 31. h7+ Kh8 32. f4 Rac8 33. Re2 Rc5 34. Rg2 Rc3 35. e5 dxe5 36. Rh6 exf4 0-1

[Event "Las Tunas Province-ch"]
[Site "Las Tunas"]
[Date "2009.11.02"]
[Round "7"]
[White "Obregon Rivero, Juan Carlos"]
[Black "Parra, Emiliano"]
[Result "1-0"]
[WhiteElo "2391"]
[BlackElo "2159"]
[PlyCount "33"]
[EventDate "2009.10.28"]
[EventType "tourn"]
[EventRounds "11"]
[EventCountry "CUB"]
[SourceTitle "CBM 133 Extra"]
[Source "ChessBase"]
[SourceDate "2010.01.05"]
[SourceVersion "1"]
[SourceVersionDate "2010.01.05"]
[SourceQuality "1"]

1. e4 c5 2. Nf3 d6 3. d4 cxd4 4. Nxd4 g6 5. Nc3 Bg7 6. Be3 Nf6 7. f3 0-0 8. Qd2 Nc6 9. 0-0-0 Nxd4 10. Bxd4 Be6 11. Kb1 a6 12. g4 b5 13. g5 Nh5 14. Bxg7 Nxg7 15. h4 Rc8 16. Bh3 Rc5 17. f4 1-0